1971 1683 1618 1210 1262 1076 1629 1021 1322 1321 1255 1014 1348 1055 1185 1523 1147 1475 1577 1568 1025 1568 1949 1807 1207 1009 1786 1156 1260 1860 1278 1601 1588 1191 1762 1004 1404 1441 1161 1623 1375 1831 1658 1294 1199 1364 1537 1904 1041 1289 1855 1590 1866 1610 1278 1395 1867 1815 1212 1444 1264 1890 1773 1927 1889 1617 1510 1000 1237 1401 1845 1169 1021 1237 1093 1646 1488 1160 1328 1074 1303 1960 1898 1188 1571 1651 1385 1126 1805 1641 1044 1256 1822 1794 1502 1367 1560 1618 1285 BCNSPRNW ULIB Ver.6.0+V

เปลี่ยนเป็นภาษาไทย

Change to English
 แสดงรายละเอียดบรรณานุกรม
  กลับหน้าหลัก

Brief Record : Get Marc (ISO 2709) : E-mail record : QR code < ปิดหน้าต่าง
LEADER : 00000nam 2200000uu 4500
001    13399125808
003     ULIB
008    170915s2559||||th 000 0 tha d
020    ^a9786167919140
060    ^aWT155^bอ153ก
100 1  ^aaอนงค์ ภิบาล
245 10 ^aการป้องกันภาวะสมองเสื่อมของผู้สูงอายุโดยใช้หลักมิติจิตวิญญาณตามวิถีมุสลิม /^cอนงค์ ภิบาล
250    ^aพิมพ์ครั้งที่ 1
260    ^aสงขลา ; ^bโรงพิมพ์สมศักดิ์การพิมพ์,^c2559
300    ^a76 หน้า :^bภาพประกอบ ;^c30 ซม.
504    ^aบรรณานุกรมท้ายเล่ม
650    ^aภาวะสมองเสื่อม^xการป้องกัน
650    ^aมิติจิตวิญญาณ
650    ^aวิถีมุสลิม
710    ^aมหาวิทยาลัยนราธิวาสราชนครินทร์^bคณะพยาบาลศาสตร์
945    ^p195^l0^i25523
945    ^p195^l0^i25524
945    ^p195^l0^i25525
945    ^p195^l0^i25526
945    ^p195^l0^i25527
999    ^aกัณชพร จุลอักษร
รายการนี้ยังไม่มีแท็ก
คุณยังไม่ได้ล็อกอิน คุณสามารถมีกิจกรรมร่วมกับเว็บไซต์ได้ แต่ต้องล็อกอินก่อน ::
  ล็อกอิน

รายการสื่อสารสนเทศ

ลำดับที่ ประเภท เลขเรียก/บาร์โค้ด สถานที่ สถานะ
1. หนังสือสำรอง
หนังสือสำรอง
WT155 อ153ก ฉ.1 
  Barcode: 25523
ห้องสมุดวิทยาเขตนครสวรรค์
►หนังสือทั่วไป:l:General Books
บนชั้น
2. วิทยาศาสตร์การแพทย์ และสุขภาพ
วิทยาศาสตร์การแพทย์ และสุขภาพ
WT155 อ153ก ฉ.2 
  Barcode: 25524
ห้องสมุดวิทยาเขตนครสวรรค์
►หนังสือทั่วไป:l:General Books
บนชั้น
3. วิทยาศาสตร์การแพทย์ และสุขภาพ
วิทยาศาสตร์การแพทย์ และสุขภาพ
WT155 อ153ก ฉ.3 
  Barcode: 25525
ห้องสมุดวิทยาเขตนครสวรรค์
►หนังสือทั่วไป:l:General Books
บนชั้น
4. วิทยาศาสตร์การแพทย์ และสุขภาพ
วิทยาศาสตร์การแพทย์ และสุขภาพ
WT155 อ153ก ฉ.4 
  Barcode: 25526
ห้องสมุดวิทยาเขตนครสวรรค์
►หนังสือทั่วไป:l:General Books
บนชั้น
5. วิทยาศาสตร์การแพทย์ และสุขภาพ
วิทยาศาสตร์การแพทย์ และสุขภาพ
WT155 อ153ก ฉ.5 
  Barcode: 25527
ห้องสมุดวิทยาเขตนครสวรรค์
►หนังสือทั่วไป:l:General Books
บนชั้น

รายการใกล้เคียง
    ผู้แต่ง [aอนงค์ ภิบาล]

    หัวเรื่อง [มิติจิตวิญญาณ]
    หัวเรื่อง [วิถีมุสลิม]

BibComment


ยังไม่เคยถูกคอมเมนท์

คอมเมนท์ทรัพยากรรายการนี้
  คอมเมนท์: การป้องกันภาวะสม..


 Copyright 2026. Bcnsprnw @Library